| 000 | 00000nam 2200000zi 4500 |
| 001 | 9.919944 |
| 003 | CaOODSP |
| 005 | 20230217142306 |
| 006 | m o d f |
| 007 | cr mn||||||||| |
| 008 | 230209t20232023quca o f000 0 eng d |
| 020 | |a9780660475158 |
| 040 | |aCaOODSP|beng|erda|cCaOODSP |
| 043 | |an-cn--- |
| 086 | 1 |aEn14-512/2023E-PDF |
| 245 | 00|aDeveloping rules for recyclability and compostability labelling and a federal plastics registry : |bwhat we heard report. |
| 264 | 1|aGatineau QC : |bEnvironment and Climate Change Canada = Environnement et changement climatique Canada, |c[2023] |
| 264 | 4|c©2023 |
| 300 | |a1 online resource (17 pages) : |bcolour illustrations |
| 336 | |atext|btxt|2rdacontent |
| 337 | |acomputer|bc|2rdamedia |
| 338 | |aonline resource|bcr|2rdacarrier |
| 500 | |aIssued also in French under title: Élaboration de règles d'étiquetage des matières recyclables et compostables et d'un registre fédéral des plastiques : rapport « ce que nous avons entendu ». |
| 500 | |a"EC22098." |
| 650 | 0|aPlastics|xRecycling|xGovernment policy|zCanada. |
| 650 | 0|aPlastics in packaging|xRecycling|xGovernment policy|zCanada. |
| 650 | 0|aEco-labeling|xGovernment policy|zCanada. |
| 650 | 0|aPlastics industry and trade|xGovernment policy|zCanada. |
| 710 | 1 |aCanada. |bEnvironment and Climate Change Canada, |eissuing body. |
| 775 | 08|tÉlaboration de règles d'étiquetage des matières recyclables et compostables et d'un registre fédéral des plastiques : |w(CaOODSP)9.919945 |
| 856 | 40|qPDF|s1.40 MB|uhttps://publications.gc.ca/collections/collection_2023/eccc/En14-512-2023-eng.pdf |
| 986 | |aEC22098 |